| 000 | 00614nam a22002177a 4500 | ||
|---|---|---|---|
| 001 | BD-DhSAU 5083 | ||
| 003 | BD-DhSAU | ||
| 005 | 20150411130523.0 | ||
| 008 | 150411b2004 ii a||||r|||| 000 0 eng d | ||
| 020 | _a8189890280 | ||
| 040 | _aBD-DhSAU | ||
| 082 |
_222 _a634101 _bTOP |
||
| 100 | _aTolanur, Shivanand | ||
| 245 |
_aPractical soil science & agricultural chemistry / _cShivanand Tolanur |
||
| 260 |
_aNew Delhi : _bInternational Book Distribution , _c2004. |
||
| 300 |
_a173p. : _bil. ; _c23 cm. |
||
| 590 | _aerfat | ||
| 650 | _aSoil science. | ||
| 650 | _aAgricultural chemistry | ||
| 700 | _aRosswall. T | ||
| 942 |
_2ddc _cBOOK |
||
| 999 |
_c5083 _d5083 |
||